Advanced introduction to housing studies (Registro nro. 318691)

Detalles MARC
000 -ENCABEZADO
Número de control [NR] 00799nam a2200229 a 4500
005 - FECHA Y HORA DE LA ÚLTIMA TRANSACCIÓN
control field 20210504150144.0
008 - DE LONGITUD FIJA DE DATOS DE ELEMENTOS - INFORMACIÓN GENERAL
Elementos de longitud fija [NR] 120830s2021 mau |||gr|||| 00| 0 eng d
020 ## - NUMERO INTERNACIONAL NORMALIZADO PARA LIBROS [R]
Número Internacional Normalizado del libro [NR] 9781789908336
040 ## - FUENTE DE CATALOGACION [NR]
Agencia de catalogación original [NR] CO-BoUCM
Idioma de catalogación [NR] spa
Quien Cataloga Deissy Garcia
Quien Clasifica Deissy Garcia
041 0# - CODIGO DE IDIOMA [R]
Código de idioma para texto/pista de sonido o título separado [R] Inglés
100 ## - ASIENTO PRINCIPAL--NOMBRE PERSONAL [NR]
Nombre personal [NR] Clark, William A.V.
ID Autoridad 102830
245 10 - MENCION DE TITULO [NR]
Título [NR] Advanced introduction to housing studies
Mención de responsabilidad, etc. [NR] William A.V. Clark
260 ## - PUBLICACION, DISTRIBUCION, ETC. (PIE DE IMPRENTA) [R]
Lugar de publicación, distribución, etc. [R] Northampton
Nombre del editor, distribuidor, etc. [R] Edward Elgar Publishing
Fecha de publicación, distribución, etc. [R] 2021
300 ## - DESCRIPCION FISICA [R]
Extensión [R] xvi, 216 páginas
490 0# - MENCION DE SERIE [R]
Mención de serie [R] Elgar advanced introductions series
504 ## - NOTA DE BIBLIOGRAFIA, ETC. [R]
Nota de bibliografía, etc. [NR] Incluye referencias bibliográficas
650 #7 - ASIENTO SECUNDARIO DE MATERIA - TERMINO TEMATICO [R]
Término temático o nombre geográfico como elemento de entrada [NR] Vivienda
Subdivisión general [R] Aspectos sociales
9 (RLIN) 103308
650 #7 - ASIENTO SECUNDARIO DE MATERIA - TERMINO TEMATICO [R]
Término temático o nombre geográfico como elemento de entrada [NR] Urbanismo
Subdivisión general [R] Aspectos sociales
9 (RLIN) 51494
653 ## - TERMINO DE INDIZACION - NO CONTROLADO [R]
Término de indización no controlado [R] Alojamiento
942 ## - ELEMENTOS DE ENTRADA AGREGADOS (KOHA)
Tipo de ítem principal el descrito en 300a Libro
Sistema de clasificación DEWEY
Tema principal Sociología
Edición 1
Clasificación 363.5
Parte restante de la signatura top. C592a
Título oculto en OPAC No
Existencias
Signatura topográfica Código de barras Última vez visto Ejemplar Costo de reposición Price effective from Tipo de ítem Perdido Sistema de clasificación Dañado No prestable Tipo de ítem específico Suprimido Ubicación habitual Ubicación actual Localización Fecha de creación Proveedor Forma de adquisición Costo
363.5 C592 100167406 05/12/2025 Ej.1 89748.00 20/04/2021 Libro   DEWEY     Libro   Claustro Claustro 2do piso 20/04/2021 157 Compra 89748.00
363.5 C592 100167423 05/12/2025 Ej.2 89748.00 21/05/2021 Libro   DEWEY     Libro   Claustro Claustro 2do piso 21/05/2021 157 Compra 89748.00